| 000 | 00000nam##2200000za#4500 |
| 001 | 9.698957 |
| 003 | CaOODSP |
| 005 | 20241203113638 |
| 007 | cr ||||||||||| |
| 008 | 150407|2006||||xxc|||||o f|0| 0 eng|d |
| 040 | |aCaOODSP|beng |
| 043 | |an-cn--- |
| 086 | 1 |aEn14-129/2006E-PDF |
| 110 | 1 |aCanada. |bEnvironment Canada. |
| 245 | 10|aAction plan for the assessment and management of perfluorinated carboxylic acids and their precursors : |h[electronic resource]|bsummary of and response to comments on the action plan |
| 260 | |aOttawa - Ontario : |bEnvironment Canada |cNovember 2006. |
| 300 | |a9p. |
| 590 | |a14-08-Supp|b2014-04-10 |
| 690 | 07|aEnvironmental protection|2gcpds |
| 690 | 07|aRisk management|2gcpds |
| 690 | 07|aToxic substances|2gcpds |
| 775 | 08|tPlan d'action pour l'évaluation et la gestion des acides perfluorocarboxyliques et de leurs précurseurs : |w(CaOODSP)9.643006 |
| 856 | 40|ahttp://publications.gc.ca|qPDF|s88 KB|uhttps://publications.gc.ca/collections/collection_2014/ec/En14-129-2006-eng.pdf |